000
00228 a2200097 4500
001
23994
100
_a
Bruning, J.L
245
_a
Computational handbook of statistics
260
_a
_b
Scdt, forasmon
_c
1968
090
_c
16236
_d
16236
942
_a
NUST-CAE
_c
M
_c
6932
999
_c
259067
_d
259067